Secular Haze Lyrics-Ghost - Statistics

General Stats
  • This quiz has been taken 63 times
    61 since last reset
  • The average score is 112 of 138
Answer Stats
Answer % Correct
haze
100%
secular
100%
the
100%
The
100%
You
100%
a
97%
A
97%
fog
97%
Fog
97%
He
97%
here
97%
is
97%
know
97%
mist
97%
that
97%
us
97%
Weave
97%
weaver
97%
in
93%
no
86%
shadows
86%
Hide
83%
to
83%
To
83%
near
79%
omnipotent
79%
omnipresent
79%
When
79%
cure
76%
his
76%
of
76%
with
76%
and
72%
be
72%
sees
72%
Come
69%
Forever
69%
maze
69%
eternal
66%
less
66%
she
66%
son
66%
Unfathomable
66%
wall
66%
eye
62%
light
62%
lost
62%
night
62%
Forevermore
59%
Let
59%
obscure
59%
omniscient
59%
remain
59%
there
59%
divinity
55%
divine
52%
humanity
52%
innocence
52%
intents
52%
youth
52%
disappear
48%
surge
48%
Seeing
45%
world
45%
bringeth
41%
diseases
41%
oblivious
41%
revolve
41%
spite
41%
spears
38%
No matching quizzes found
Score Distribution
Percent of People with Each Score
Percentile by Number Answered
Your Score History
You have not taken this quiz since the last reset